LEADER 03595nam 2200745 a 450 001 9910454489803321 005 20200520144314.0 010 $a1-282-74135-7 010 $a9786612741357 010 $a0-7748-5542-8 035 $a(CKB)1000000000712833 035 $a(EBL)3251896 035 $a(SSID)ssj0000643638 035 $a(PQKBManifestationID)12276682 035 $a(PQKBTitleCode)TC0000643638 035 $a(PQKBWorkID)10653836 035 $a(PQKB)10019861 035 $a(SSID)ssj0000278646 035 $a(PQKBManifestationID)11225759 035 $a(PQKBTitleCode)TC0000278646 035 $a(PQKBWorkID)10259369 035 $a(PQKB)10328364 035 $a(MiAaPQ)EBC3412387 035 $a(CaPaEBR)408595 035 $a(CaBNvSL)slc00208509 035 $a(MiAaPQ)EBC3251896 035 $a(Au-PeEL)EBL3412387 035 $a(CaPaEBR)ebr10214464 035 $a(CaONFJC)MIL274135 035 $a(OCoLC)923445295 035 $a(EXLCZ)991000000000712833 100 $a20070327d2007 uy 0 101 0 $aeng 135 $aur|n|---||||| 181 $ctxt 182 $cc 183 $acr 200 00$aDevelopment's displacements$b[electronic resource] $eecologies, economies, and cultures at risk /$fedited by Peter Vandergeest, Pablo Idahosa, and Pablo S. Bose 210 $aVancouver $cUBC Press$dc2007 215 $a1 online resource (289 p.) 300 $aDescription based upon print version of record. 311 $a0-7748-1206-0 311 $a0-7748-1205-2 320 $aIncludes bibliographical references and index. 327 $aIntro; Contents; Acknowledgments; Introduction; Part 1: Displacement, Multinationals, and the State; Part 2: Displacement and Neoliberalism; Part 3: Conservation and Displacement; Conclusion; Contributors; Index; 1 Who Defines Displacement? The Operation of the World Bank Involuntary Resettlement Policy in a Large Mining Project; 2 Gendered Implications: Development-Induced Displacement in Sudan; 3 Uprooting Communities and Reconfiguring Rural Landscapes: Industrial Tree Plantations and Displacement in Sarawak, Malaysia, and Eastern Thailand 327 $a4 Enforcement and/or Empowerment? Different Displacements Induced by Neoliberal Water Policies in Thailand5 Displacements in Neoliberal Land Reforms: Producing Tenure (In)Securities in Laos and Thailand; 6 Contested Territories: Development, Displacement, and Social Movements in Colombia; 7 Dams, Development, and Displacement: The Narmada Valley Development Projects; 8 Upon Whose Terms? The Displacement of Afro-Descendent Communities in the Creation of Costa Rica's National Parks; 9 Entanglements: Campesino and Indigenous Tenure Insecurities on the Honduran North Coast; A; B; C; D; E; F; G; H 327 $aIJ; K; L; M; N; O; P; R; S; T; U; V; W; Z 606 $aEconomic development projects$xSocial aspects$vCase studies 606 $aEconomic development projects$xEnvironmental aspects$vCase studies 606 $aInternally displaced persons$vCase studies 608 $aElectronic books. 615 0$aEconomic development projects$xSocial aspects 615 0$aEconomic development projects$xEnvironmental aspects 615 0$aInternally displaced persons 676 $a306.3 701 $aVandergeest$b Peter$f1955-$0141356 701 $aBose$b Pablo S.$f1972-$0894583 701 $aIdahosa$b Pablo$f1954-$0894584 801 0$bMiAaPQ 801 1$bMiAaPQ 801 2$bMiAaPQ 906 $aBOOK 912 $a9910454489803321 996 $aDevelopment's displacements$91998461 997 $aUNINA